Na návšteve u slávneho strýka

Bibliographic Details
Main Author: Kernerová, Klára, 1951- (Author)
Format: Article
Language:Slovak
PhysicalDescription:Obr.
Subjects:
Online Access:http://www.vkjb.sk/vkjb_zdroje/casopis_knihovnik/2006_03/02.pdf

MARC

LEADER 00000nab a2200000 a 4500
001 vtls008942307
003 SK-MaSNL
005 20260305013728.0
008 070202 2006 xo 000 0 slo
038 |a KEVKJB 
040 |a KEVKJB  |b slo  |c KEVKJB  |e AACR2 
041 0 |a slo 
044 |a xo  |c SK 
080 |a 027.53  |2 2001 
080 |a 821.111(73)  |2 2001 
100 1 |a Kernerová, Klára,  |d 1951-  |4 aut 
245 1 0 |a Na návšteve u slávneho strýka  |c Klára Kernerová 
300 |a Obr. 
600 1 7 |a Warhola, James  |t Na návšteve u slávneho strýka  |x prezentácie  |2 kevkjb  |9 1591314 
600 1 7 |a Warhol, Andy,  |d 1928-1987  |2 kevkjb  |9 97490 
610 2 7 |a Verejná knižnica Jána Bocatia v Košiciach  |2 kevkjb  |9 29554 
650 0 7 |a prezentácie kníh  |2 kevkjb  |9 840434 
651 7 |a Košice (Slovensko)  |2 kevkjb  |9 18694 
773 0 |t Knihovník  |g Roč. 28 , č. 3 (2006), s. 2-3 
852 |a KEVKJB  |b KIS3GCP 
856 4 1 |u http://www.vkjb.sk/vkjb_zdroje/casopis_knihovnik/2006_03/02.pdf 
958 |a KL 
958 |a US 
999 |c 3265656  |d 3267586